| 000 | 00529nam a2200193 a 4500 | ||
|---|---|---|---|
| 003 | BD-DhJNU | ||
| 005 | 20250521035608.0 | ||
| 008 | 250501s2002 ii a b 001 0 eng | ||
| 040 |
_aBD-DhJNU _bENG _cBD-DhJNU _dBD-DhJNU |
||
| 082 | 0 | 0 |
_a310.3 BAD _223 |
| 100 | 1 | _aBanday, S.H. | |
| 245 | 1 | 0 |
_aDictionary of statistics / _cS.H. Banday and M.A. Shah |
| 250 | _a1st ed. | ||
| 260 |
_aNew Delhi : _bAnmol Publications Pvt Ltd, _c2002. |
||
| 300 |
_a336 p. ; _c21 cm. |
||
| 650 | 0 | _aStatistics | |
| 700 | 1 | _aShah, M.A. | |
| 942 | _cBK | ||
| 999 |
_c1729 _d1729 |
||